Socialismo agrícola: leyenda popular, segunda parte de Manolín
Gorde:
| Egile nagusia: | |
|---|---|
| Formatua: | Liburua |
| Hizkuntza: | gaztelania |
| Argitaratua: |
Madrid
Nacional
1979
|
| Saila: | Biblioteca de Visionarios Heterodoxos y Marginales, 5
|
| Gaiak: | |
| Etiketak: |
Etiketa erantsi
Etiketarik gabe, Izan zaitez lehena erregistro honi etiketa jartzen!
|
MARC
| LEADER | 00000nam a2200000 a 4500 | ||
|---|---|---|---|
| 001 | UCO5509 | ||
| 003 | CL-VaPUC | ||
| 008 | 000901e19790000SP |||||||||||||||||spa|d | ||
| 082 | 0 | 4 | |a 863 |b BEL |2 21 |
| 100 | 0 | |a Beltrán, Esteban |e author |9 450215 | |
| 245 | 1 | 0 | |a Socialismo agrícola: leyenda popular, segunda parte de Manolín |
| 300 | |a 300 p | ||
| 942 | |c BK | ||
| 945 | |d 20000901 00:00:00 |a crobeson | ||
| 260 | |a Madrid |b Nacional |c 1979 | ||
| 650 | 0 | |a Novelas españolas |9 265052 | |
| 650 | 0 | |a Literatura española |9 306261 | |
| 583 | |a last modification |c 20000901 00:00:00 |k Rodrigo Vera | ||
| 490 | 0 | |a Biblioteca de Visionarios Heterodoxos y Marginales, 5 | |
| 999 | |c 291366 |d 291364 | ||
| 952 | |0 0 |1 0 |4 0 |6 863_000000000000000_BEL_1979 |7 0 |8 A |9 341189 |a BIBART |b BIBART |d 2019-11-20 |i 1221108 |o 863 BEL 1979 |p 1221108 |r 2025-03-13 |w 2019-11-20 |y BK |k ART | ||